[Event "Lloyds Bank Masters 15th"]
[Site "London"]
[Date "1991.08.19"]
[Round "3"]
[White "Berry, Stephen H"]
[Black "Wilson, Jonathan G"]
[Result "1-0"]
[WhiteElo "2225"]
[BlackElo "2210"]
[PlyCount "187"]
[EventDate "1991.08.17"]
[EventType "swiss"]
[EventRounds "10"]
[EventCountry "ENG"]
[SourceTitle "BritBase"]
[Source "John Saunders"]
[SourceDate "2023.06.27"]
[SourceVersion "1"]
[SourceVersionDate "2023.06.27"]
[SourceQuality "1"]

1. e4 c6 2. d3 d5 3. Nd2 e5 4. Ngf3 Bd6 5. Be2 Nf6 6. O-O O-O 7. c3 Nbd7 8. Qc2
Re8 9. Re1 a5 10. a4 Nf8 11. Bf1 Ng6 12. g3 Bg4 13. Bg2 Qd7 14. Nf1 Bh3 15. Ne3
Bc5 16. Bd2 Bxe3 17. Bxe3 Bxg2 18. Kxg2 dxe4 19. dxe4 Qg4 20. Bc1 Nh5 21. Ng1
Ngf4+ 22. Kf1 Nh3 23. Qe2 Qxe2+ 24. Kxe2 Nxg1+ 25. Rxg1 Nf6 26. f3 Kf8 27. Be3
Nd7 28. Rgd1 Ke7 29. Rd2 Red8 30. Rad1 b6 31. Rd6 c5 32. Rc6 Rdc8 33. Rdd6 Rxc6
34. Rxc6 Rb8 35. Kd3 Rb7 36. Kc4 Kd8 37. Kb5 Rc7 38. Rd6 Ke7 39. Rd5 Ke6 40. h4
f5 41. Rd1 fxe4 42. fxe4 Rc8 43. Rd2 Nf6 44. Kxb6 Nxe4 45. Re2 Kd5 46. Bg1 Nxg3
47. c4+ Kxc4 48. Rxe5 Rb8+ 49. Kxa5 Ra8+ 50. Kb6 Rxa4 51. Bxc5 Kb3 52. Re3+
Kxb2 53. Rxg3 Rxh4 54. Rxg7 h5 55. Kb5 Kc3 56. Rg3+ Kd2 57. Ra3 Ke2 58. Kc6 Rg4
59. Be7 Kf2 60. Kd5 Kg2 61. Ke5 h4 62. Ra2+ Kf3 63. Kf5 Rf4+ 64. Kg5 Re4 65.
Bd6 Re2 66. Ra3+ Re3 67. Ra1 h3 68. Rh1 Kg2 69. Rh2+ Kg1 70. Kg4 Re6 71. Bf4
Rh6 72. Kf3 Rg6 73. Rxh3 Kf1 74. Rh7 Rg8 75. Rh6 Rg7 76. Rh5 Rg8 77. Rh4 Rg7
78. Rh8 Rg6 79. Rd8 Re6 80. Bg5 Re2 81. Rd1+ Re1 82. Rd2 Re8 83. Rh2 Rf8+ 84.
Bf4 Rg8 85. Bh6 Rg6 86. Be3 Rf6+ 87. Bf4 Rg6 88. Rf2+ Kg1 89. Rc2 Kh1 90. Rc7
Rg7 91. Rc5 Rg8 92. Rh5+ Kg1 93. Be3+ Kf1 94. Rh1+ 1-0

[Event "Lloyds Bank Masters 15th"]
[Site "London"]
[Date "1991.08.19"]
[Round "3"]
[White "Carton, Niall"]
[Black "Ward, Christopher G"]
[Result "0-1"]
[WhiteElo "2225"]
[BlackElo "2435"]
[PlyCount "92"]
[EventDate "1991.08.17"]
[EventType "swiss"]
[EventRounds "10"]
[EventCountry "ENG"]
[SourceTitle "BritBase"]
[Source "John Saunders"]
[SourceDate "2023.06.27"]
[SourceVersion "1"]
[SourceVersionDate "2023.06.27"]
[SourceQuality "1"]

1. e4 c5 2. Nc3 Nc6 3. f4 e6 4. Nf3 a6 5. g3 d5 6. d3 Nf6 7. Bd2 b5 8. e5 Ng8
9. Bg2 Bb7 10. Ne2 h5 11. d4 h4 12. c3 hxg3 13. hxg3 Rxh1+ 14. Bxh1 Nh6 15. Bg2
Nf5 16. Bh3 cxd4 17. cxd4 g6 18. Bxf5 gxf5 19. Be3 Rc8 20. Kf2 Rc7 21. Qd2 Nb4
22. Nc3 Qc8 23. a3 Nc6 24. Rh1 Na5 25. Rh8 Nc4 26. Qe2 b4 27. axb4 Nxb2 28.
Qxb2 Rxc3 29. Bd2 Rc7 30. b5 Kd7 31. Qb3 Rc4 32. Ke3 axb5 33. Qxb5+ Bc6 34. Qb6
Bc5 35. dxc5 Qxh8 36. Qa7+ Kc8 37. Nd4 Rxd4 38. Kxd4 Qh2 39. Qa6+ Bb7 40. Qd3
Kc7 41. Ba5+ Kc6 42. Bb6 Qa2 43. Ke3 Ba6 44. Qd1 d4+ 45. Kf3 Bc4 46. g4 Be2+
0-1

[Event "Lloyds Bank Masters 15th"]
[Site "London"]
[Date "1991.08.19"]
[Round "3"]
[White "Hassabis, Demis"]
[Black "Gurevich, Ilya"]
[Result "0-1"]
[WhiteElo "2285"]
[BlackElo "2495"]
[PlyCount "80"]
[EventDate "1991.08.17"]
[EventType "swiss"]
[EventRounds "10"]
[EventCountry "ENG"]
[SourceTitle "BritBase"]
[Source "John Saunders"]
[SourceDate "2023.06.27"]
[SourceVersion "1"]
[SourceVersionDate "2023.06.27"]
[SourceQuality "1"]

1. c4 c5 2. e4 Nc6 3. Nc3 e6 4. g3 g6 5. Bg2 Bg7 6. Nge2 Nge7 7. d3 O-O 8. a3
Nd4 9. Nxd4 cxd4 10. Ne2 d5 11. exd5 exd5 12. b3 dxc4 13. bxc4 Nc6 14. O-O Re8
15. h3 h5 16. Nf4 Bf5 17. Rb1 Qd7 18. Rb5 Re5 19. Bd5 Rae8 20. Qf3 Rc8 21. Bd2
b6 22. Re1 Rxe1+ 23. Bxe1 Ne5 24. Qe2 Bxh3 25. Nxh3 Qxh3 26. Bg2 Qg4 27. Qxg4
hxg4 28. Be4 Kh7 29. Rb3 Re8 30. Bb4 Bf8 31. Bxf8 Rxf8 32. Rb5 Re8 33. Rd5 f5
34. Bg2 Nxd3 35. Rxd4 Re1+ 36. Kh2 Nxf2 37. Rd7+ Kh6 38. Rxa7 Nd1 39. Bd5 Ne3
40. Re7 Nf1+ 0-1

[Event "Lloyds Bank Masters 15th"]
[Site "London"]
[Date "1991.08.19"]
[Round "3"]
[White "Lev, Ronen"]
[Black "Kengis, Edvins"]
[Result "1-0"]
[WhiteElo "2425"]
[BlackElo "2575"]
[PlyCount "55"]
[EventDate "1991.08.17"]
[EventType "swiss"]
[EventRounds "10"]
[EventCountry "ENG"]
[SourceTitle "BritBase"]
[Source "John Saunders"]
[SourceDate "2023.06.27"]
[SourceVersion "1"]
[SourceVersionDate "2023.06.27"]
[SourceQuality "1"]

1. d4 e6 2. c4 b6 3. Nc3 Bb4 4. e4 Bb7 5. f3 f5 6. exf5 Nh6 7. fxe6 Nf5 8. Bf4
dxe6 9. Qa4+ Nc6 10. d5 exd5 11. O-O-O Bxc3 12. cxd5 Qf6 13. dxc6 Bxb2+ 14. Kb1
Bc8 15. Bxc7 Ba1 16. Qa3 Be6 17. f4 Ne3 18. Be5 Bxe5 19. fxe5 Qxe5 20. Nf3 Bf5+
21. Bd3 Qb5+ 22. Ka1 Bxd3 23. Qxd3 Qxd3 24. Rxd3 Nxg2 25. Rg1 Nf4 26. Rd7 Ng6
27. Re1+ Kf8 28. Ng5 1-0

[Event "Lloyds Bank Masters 15th"]
[Site "London"]
[Date "1991.08.19"]
[Round "3"]
[White "Sadler, Matthew D"]
[Black "Kumaran, Dharshan"]
[Result "1/2-1/2"]
[WhiteElo "2480"]
[BlackElo "2330"]
[PlyCount "45"]
[EventDate "1991.08.17"]
[EventType "swiss"]
[EventRounds "10"]
[EventCountry "ENG"]
[SourceTitle "BritBase"]
[Source "John Saunders"]
[SourceDate "2023.06.27"]
[SourceVersion "1"]
[SourceVersionDate "2023.06.27"]
[SourceQuality "1"]

1. d4 Nf6 2. c4 c5 3. d5 b5 4. Nf3 b4 5. a3 g6 6. g3 Bg7 7. axb4 cxb4 8. Bg2
O-O 9. O-O Bb7 10. Be3 a5 11. Bd4 d6 12. Nbd2 Nbd7 13. Re1 Re8 14. Qa4 Qc7 15.
Nb3 Ra6 16. Nfd2 Rea8 17. Rec1 Ng4 18. Bxg7 Kxg7 19. Ne4 Ngf6 20. Nbd2 Nxe4 21.
Nxe4 Nc5 22. Nxc5 Qxc5 23. Bh3 1/2-1/2

[Event "Lloyds Bank Masters 15th"]
[Site "London"]
[Date "1991.08.19"]
[Round "3"]
[White "Waqar, Mohamed"]
[Black "Leko, Peter"]
[Result "0-1"]
[WhiteElo "2220"]
[BlackElo "2385"]
[PlyCount "90"]
[EventDate "1991.08.17"]
[EventType "swiss"]
[EventRounds "10"]
[EventCountry "ENG"]
[SourceTitle "BritBase"]
[Source "John Saunders"]
[SourceDate "2023.06.27"]
[SourceVersion "1"]
[SourceVersionDate "2023.06.27"]
[SourceQuality "1"]

1. e4 c5 2. Nf3 d6 3. d4 cxd4 4. Nxd4 Nf6 5. Nc3 Nc6 6. Bg5 e6 7. Qd2 Be7 8.
O-O-O O-O 9. Nb3 a6 10. f3 b5 11. Be3 Ne5 12. Qf2 Nfg4 13. fxg4 Nxg4 14. Qf3
Nxe3 15. Re1 Nxf1 16. Rhxf1 Bb7 17. Qg4 Bf6 18. Rf3 Rc8 19. Kb1 Be5 20. Rh3 Qf6
21. Nd1 Qg6 22. Qe2 f5 23. exf5 Qxf5 24. Ne3 Qf2 25. Qd1 Bxg2 26. Re2 Bxh3 27.
Rxf2 Rxf2 28. Nc1 Rcf8 29. a3 Bxh2 30. Ka2 R2f3 31. Qd4 Bg1 32. Qxd6 Bxe3 33.
Nd3 Bf5 34. Ne5 Bf4 35. Qc6 Rf2 36. Nd7 Rxc2 37. Qf3 Rd8 38. Nf6+ gxf6 39. Qxf4
Rdd2 40. Qb8+ Kg7 41. Kb3 Rxb2+ 42. Kc3 Rdc2+ 43. Kd4 Rc4+ 44. Ke3 Rb3+ 45. Kd2
Rc2+ 0-1

[Event "Lloyds Bank Masters 15th"]
[Site "London"]
[Date "1991.08.19"]
[Round "3"]
[White "Cavendish, James"]
[Black "Chandler, Murray G"]
[Result "0-1"]
[WhiteElo "2310"]
[BlackElo "2605"]
[PlyCount "64"]
[EventDate "1991.08.17"]
[EventType "swiss"]
[EventRounds "10"]
[EventCountry "ENG"]
[SourceTitle "BritBase"]
[Source "John Saunders"]
[SourceDate "2023.06.27"]
[SourceVersion "1"]
[SourceVersionDate "2023.06.27"]
[SourceQuality "1"]

1. d4 Nf6 2. Nc3 d5 3. Bg5 e6 4. e4 dxe4 5. Nxe4 Be7 6. Bxf6 gxf6 7. Nf3 b6 8.
Bb5+ c6 9. Bd3 Nd7 10. Qd2 Qc7 11. c4 Bb7 12. b4 f5 13. Ng3 c5 14. bxc5 bxc5
15. Qe2 cxd4 16. O-O Nc5 17. Nxd4 Rd8 18. Ndxf5 Nxd3 19. Rad1 Qxc4 20. Nxe7
Kxe7 21. Nf5+ Kf8 22. Qb2 exf5 23. Qxh8+ Ke7 24. Qg7 Rd6 25. Qg5+ Kf8 26. Rfe1
Be4 27. Rb1 Rg6 28. Qd8+ Kg7 29. g3 Nxe1 30. Rxe1 Qc3 31. Qd1 Rd6 32. Qe2 Qf3
0-1

[Event "Lloyds Bank Masters 15th"]
[Site "London"]
[Date "1991.08.20"]
[Round "4"]
[White "Britton, Richard L"]
[Black "Anagnostopoulos, Dimitrios"]
[Result "0-1"]
[WhiteElo "2255"]
[BlackElo "2395"]
[PlyCount "82"]
[EventDate "1991.08.17"]
[EventType "swiss"]
[EventRounds "10"]
[EventCountry "ENG"]
[SourceTitle "BritBase"]
[Source "John Saunders"]
[SourceDate "2023.06.27"]
[SourceVersion "1"]
[SourceVersionDate "2023.06.27"]
[SourceQuality "1"]

1. e4 d6 2. d4 Nf6 3. Nc3 g6 4. Nf3 Bg7 5. Be3 Bg4 6. h3 Bxf3 7. Qxf3 Nc6 8.
Bb5 O-O 9. Rd1 Nd7 10. Qe2 Nb6 11. O-O a6 12. Bxc6 bxc6 13. b3 a5 14. a4 f5 15.
Qd2 Qd7 16. Rfe1 f4 17. Bxf4 Bxd4 18. Qxd4 Rxf4 19. Qd2 e5 20. f3 Qe7 21. Ne2
Rf7 22. Rf1 Nd7 23. g3 Nc5 24. Kg2 Rf6 25. Qc3 Raf8 26. Ng1 Qf7 27. Rde1 h5 28.
h4 Ne6 29. Nh3 Qd7 30. Ng5 Nxg5 31. hxg5 R6f7 32. Qxa5 h4 33. gxh4 Rf4 34. Qc3
Qh7 35. Qc4+ R8f7 36. Qe6 Qxh4 37. Qxg6+ Rg7 38. Qe6+ Kh7 39. Qh3 Rxg5+ 40. Kh2
Qxh3+ 41. Kxh3 Rf6 0-1

[Event "Lloyds Bank Masters 15th"]
[Site "London"]
[Date "1991.08.20"]
[Round "4"]
[White "Ernst, Thomas"]
[Black "McDonald, Neil R"]
[Result "1-0"]
[WhiteElo "2525"]
[BlackElo "2390"]
[PlyCount "99"]
[EventDate "1991.08.17"]
[EventType "swiss"]
[EventRounds "10"]
[EventCountry "ENG"]
[SourceTitle "BritBase"]
[Source "John Saunders"]
[SourceDate "2023.06.27"]
[SourceVersion "1"]
[SourceVersionDate "2023.06.27"]
[SourceQuality "1"]

1. e4 e6 2. d4 d5 3. Nc3 Bb4 4. e5 c5 5. a3 Bxc3+ 6. bxc3 Ne7 7. Qg4 Kf8 8. a4
Qc7 9. Nf3 cxd4 10. Qxd4 Nbc6 11. Qe3 Nf5 12. Qf4 Ncd4 13. Ba3+ Kg8 14. Kd2
Nxf3+ 15. gxf3 Bd7 16. Bb4 a5 17. Bd6 Qb6 18. Be2 Rc8 19. Rab1 Qa7 20. Rhf1 h5
21. Bd3 Nxd6 22. exd6 Qc5 23. Qd4 Qxd6 24. f4 Qc5 25. Qxc5 Rxc5 26. Rxb7 Be8
27. Rb8 Kf8 28. Rfb1 Ke7 29. R1b7+ Kf6 30. Ra7 g6 31. Rba8 h4 32. Rxa5 Rxa5 33.
Rxa5 Bc6 34. Ra6 Rc8 35. a5 g5 36. fxg5+ Kxg5 37. Ra7 f5 38. Re7 Kf6 39. Rh7
Kg5 40. a6 e5 41. a7 Kg6 42. Ba6 Kxh7 43. Bxc8 Kg6 44. c4 Kf6 45. Bd7 Ba8 46.
cxd5 Bxd5 47. c4 Ba8 48. c5 f4 49. c6 Ke7 50. Kd3 1-0

[Event "Lloyds Bank Masters 15th"]
[Site "London"]
[Date "1991.08.20"]
[Round "4"]
[White "Gurevich, Ilya"]
[Black "Morris, Philip J"]
[Result "1-0"]
[WhiteElo "2495"]
[BlackElo "2385"]
[PlyCount "99"]
[EventDate "1991.08.17"]
[EventType "swiss"]
[EventRounds "10"]
[EventCountry "ENG"]
[SourceTitle "BritBase"]
[Source "John Saunders"]
[SourceDate "2023.06.27"]
[SourceVersion "1"]
[SourceVersionDate "2023.06.27"]
[SourceQuality "1"]

1. e4 e5 2. Nf3 Nc6 3. Bb5 a6 4. Bxc6 dxc6 5. O-O f6 6. d4 exd4 7. Nxd4 c5 8.
Nb3 Qxd1 9. Rxd1 Bd6 10. Be3 b6 11. a4 a5 12. Na3 Be6 13. Nb5 O-O-O 14. Rd2 Nh6
15. Bxh6 gxh6 16. Rad1 Be7 17. Rxd8+ Rxd8 18. Rxd8+ Kxd8 19. Nd2 c4 20. Kf1 Bc5
21. c3 c6 22. Na3 Bxa3 23. bxa3 Kc7 24. Ke2 Kd6 25. Ke3 Kc5 26. Nf3 Bg4 27. h3
Bh5 28. g4 Be8 29. Nd4 Bd7 30. f4 h5 31. f5 hxg4 32. hxg4 h6 33. Kf4 Kd6 34.
Nf3 c5 35. e5+ Ke7 36. Nd2 Bxa4 37. Nxc4 fxe5+ 38. Kxe5 Bd1 39. Kf4 b5 40. Nxa5
Kd6 41. Nb7+ Kd5 42. g5 hxg5+ 43. Kxg5 Bb3 44. f6 Ke5 45. Kg6 b4 46. Nxc5 Bc2+
47. Kg7 bxa3 48. f7 a2 49. f8=Q a1=Q 50. Qf6+ 1-0

[Event "Lloyds Bank Masters 15th"]
[Site "London"]
[Date "1991.08.20"]
[Round "4"]
[White "Hebden, Mark L"]
[Black "Stepak, Yedael"]
[Result "1-0"]
[WhiteElo "2485"]
[BlackElo "2305"]
[PlyCount "77"]
[EventDate "1991.08.17"]
[EventType "swiss"]
[EventRounds "10"]
[EventCountry "ENG"]
[SourceTitle "BritBase"]
[Source "John Saunders"]
[SourceDate "2023.06.27"]
[SourceVersion "1"]
[SourceVersionDate "2023.06.27"]
[SourceQuality "1"]

1. e4 c5 2. Nc3 e6 3. Nf3 a6 4. g3 b5 5. d4 cxd4 6. Nxd4 Bb7 7. Bg2 b4 8. Na4
Qa5 9. c3 Nf6 10. O-O Nxe4 11. cxb4 Bxb4 12. Be3 O-O 13. Rc1 f5 14. Ne2 Bc6 15.
Nb6 Nd2 16. Bxc6 Nxc6 17. Nxa8 Rxa8 18. Bxd2 Bxd2 19. Rc2 Ne5 20. Nd4 Bb4 21.
a3 Be7 22. Nf3 Nxf3+ 23. Qxf3 Rb8 24. Rd1 Qb5 25. Rc7 Qxb2 26. Rdxd7 Bf8 27.
Kg2 Qb1 28. a4 a5 29. Qe3 Re8 30. Qe5 Qe4+ 31. Qxe4 fxe4 32. Ra7 Rc8 33. Rxa5
Rc2 34. Kf1 h6 35. Ra8 Rc1+ 36. Ke2 Rc2+ 37. Ke3 Rc3+ 38. Kxe4 Rc4+ 39. Kf3 1-0

[Event "Lloyds Bank Masters 15th"]
[Site "London"]
[Date "1991.08.20"]
[Round "4"]
[White "Ivanov, Alexander"]
[Black "Naylor, John"]
[Result "1-0"]
[WhiteElo "2565"]
[BlackElo "2230"]
[PlyCount "49"]
[EventDate "1991.08.17"]
[EventType "swiss"]
[EventRounds "10"]
[EventCountry "ENG"]
[SourceTitle "BritBase"]
[Source "John Saunders"]
[SourceDate "2023.06.27"]
[SourceVersion "1"]
[SourceVersionDate "2023.06.27"]
[SourceQuality "1"]

1. e4 e6 2. d4 d5 3. Nd2 Nf6 4. e5 Nfd7 5. c3 c5 6. f4 Nc6 7. Ndf3 Qb6 8. a3
cxd4 9. cxd4 a5 10. Ne2 Be7 11. g3 Ndb8 12. Nc3 Bd7 13. Be2 Na6 14. Be3 Na7 15.
O-O f5 16. exf6 gxf6 17. f5 Qxb2 18. fxe6 Qxc3 19. exd7+ Kxd7 20. Bf4 Bd6 21.
Bxd6 Kxd6 22. Nh4 Rhf8 23. Nf5+ Kd7 24. Bxa6 bxa6 25. Qh5 1-0

[Event "Lloyds Bank Masters 15th"]
[Site "London"]
[Date "1991.08.20"]
[Round "4"]
[White "Mack, Andrew L"]
[Black "Howell, James C"]
[Result "0-1"]
[WhiteElo "2285"]
[BlackElo "2445"]
[PlyCount "58"]
[EventDate "1991.08.17"]
[EventType "swiss"]
[EventRounds "10"]
[EventCountry "ENG"]
[SourceTitle "BritBase"]
[Source "John Saunders"]
[SourceDate "2023.06.27"]
[SourceVersion "1"]
[SourceVersionDate "2023.06.27"]
[SourceQuality "1"]

1. e4 c5 2. Nf3 d6 3. d4 cxd4 4. Nxd4 Nf6 5. Nc3 a6 6. f4 Nbd7 7. Be2 e5 8. Nf5
Nc5 9. Ng3 Qb6 10. Rb1 Bd7 11. fxe5 dxe5 12. Be3 Qc6 13. O-O Ncxe4 14. Ncxe4
Nxe4 15. Bf3 Bc5 16. Nxe4 Bxe3+ 17. Kh1 O-O 18. Nc3 Qe6 19. Nd5 e4 20. Bh5 Bb5
21. Nxe3 Bxf1 22. Qxf1 Qh6 23. Qe2 f5 24. Rf1 f4 25. Nd5 f3 26. gxf3 Qxh5 27.
Qxe4 Qh3 28. Qe2 Rae8 29. Ne7+ Rxe7 0-1

[Event "Lloyds Bank Masters 15th"]
[Site "London"]
[Date "1991.08.20"]
[Round "4"]
[White "Norwood, David Robert"]
[Black "Ofek, Ram"]
[Result "1-0"]
[WhiteElo "2500"]
[BlackElo "2305"]
[PlyCount "47"]
[EventDate "1991.08.17"]
[EventType "swiss"]
[EventRounds "10"]
[EventCountry "ENG"]
[SourceTitle "BritBase"]
[Source "John Saunders"]
[SourceDate "2023.06.27"]
[SourceVersion "1"]
[SourceVersionDate "2023.06.27"]
[SourceQuality "1"]

1. g3 g6 2. Bg2 Bg7 3. e4 d6 4. d4 Nf6 5. Nc3 O-O 6. Nge2 e5 7. h3 Nbd7 8. O-O
a6 9. a4 Re8 10. Be3 exd4 11. Bxd4 Nc5 12. e5 Nfd7 13. exd6 c6 14. Bxg7 Kxg7
15. b4 Ne6 16. b5 c5 17. Nd5 Ndf8 18. b6 Bd7 19. Nc7 Nxc7 20. bxc7 Qc8 21. Nc3
Bc6 22. Nd5 Nd7 23. Re1 Bxd5 24. Qxd5 1-0

[Event "Lloyds Bank Masters 15th"]
[Site "London"]
[Date "1991.08.20"]
[Round "4"]
[White "Rogers, Ian"]
[Black "Davies, Nigel Rodney"]
[Result "1-0"]
[WhiteElo "2565"]
[BlackElo "2455"]
[PlyCount "63"]
[EventDate "1991.08.17"]
[EventType "swiss"]
[EventRounds "10"]
[EventCountry "ENG"]
[SourceTitle "BritBase"]
[Source "John Saunders"]
[SourceDate "2023.06.27"]
[SourceVersion "1"]
[SourceVersionDate "2023.06.27"]
[SourceQuality "1"]

1. e4 e5 2. Bc4 Nf6 3. Nc3 Nc6 4. d3 Bc5 5. Bg5 h6 6. Bh4 d6 7. Na4 Bb6 8. Nxb6
axb6 9. f3 Na5 10. Ne2 Nxc4 11. dxc4 Be6 12. b3 g5 13. Bf2 Nh5 14. Qd2 Qf6 15.
Nc3 Nf4 16. Be3 Qg7 17. Nb5 f6 18. a4 O-O 19. h4 Rf7 20. g3 Ng6 21. O-O-O Re8
22. Rh2 Ree7 23. Rdh1 Qf8 24. hxg5 hxg5 25. Rh6 Rg7 26. R1h5 Rd7 27. Qh2 Kf7
28. Bxg5 fxg5 29. Rxg5 Kf6 30. f4 exf4 31. gxf4 Bf7 32. Qh4 1-0

[Event "Lloyds Bank Masters 15th"]
[Site "London"]
[Date "1991.08.20"]
[Round "4"]
[White "Sands, David A"]
[Black "Webster, Andrew A"]
[Result "0-1"]
[WhiteElo "2240"]
[BlackElo "2340"]
[PlyCount "40"]
[EventDate "1991.08.17"]
[EventType "swiss"]
[EventRounds "10"]
[EventCountry "ENG"]
[SourceTitle "BritBase"]
[Source "John Saunders"]
[SourceDate "2023.06.27"]
[SourceVersion "1"]
[SourceVersionDate "2023.06.27"]
[SourceQuality "1"]

1. d4 g6 2. c4 Bg7 3. Nc3 d6 4. Nf3 Bg4 5. e3 Nc6 6. Be2 e5 7. d5 Nce7 8. O-O
Bd7 9. Rb1 f5 10. b4 Nf6 11. Qb3 O-O 12. c5 Kh8 13. cxd6 cxd6 14. Ng5 Rc8 15.
a4 h6 16. Ne6 Rxc3 17. Qxc3 Nexd5 18. Nxd8 Nxc3 19. Nxb7 Nxe2+ 20. Kh1 Nc3 0-1

[Event "Lloyds Bank Masters 15th"]
[Site "London"]
[Date "1991.08.20"]
[Round "4"]
[White "Suba, Mihai"]
[Black "Coleman, David J"]
[Result "0-1"]
[WhiteElo "2520"]
[BlackElo "2265"]
[PlyCount "198"]
[EventDate "1991.08.17"]
[EventType "swiss"]
[EventRounds "10"]
[EventCountry "ENG"]
[SourceTitle "BritBase"]
[Source "John Saunders"]
[SourceDate "2023.06.27"]
[SourceVersion "1"]
[SourceVersionDate "2023.06.27"]
[SourceQuality "1"]

1. d4 Nf6 2. c4 g6 3. Nc3 Bg7 4. e4 d6 5. h3 O-O 6. Bg5 c5 7. d5 e6 8. Bd3 exd5
9. exd5 Nbd7 10. f4 a6 11. a4 Rb8 12. Nge2 b5 13. axb5 axb5 14. Nxb5 Qb6 15.
Nec3 Ba6 16. Qf3 Rfe8+ 17. Kd2 h6 18. Bh4 Nh7 19. Rhe1 Rec8 20. Reb1 Nhf6 21.
Kc2 Ne8 22. Ra3 Nc7 23. Na4 Nxb5 24. Nxb6 Nd4+ 25. Kd1 Nxf3 26. Nxd7 Nxh4 27.
Nxb8 Rxb8 28. Rxa6 Nxg2 29. b4 cxb4 30. Rxd6 b3 31. Bf1 Nxf4 32. Rc6 b2 33. d6
Rd8 34. Kd2 Be5 35. c5 Nd5 36. Bg2 Bf4+ 37. Ke1 Nb4 38. Rb6 Nd3+ 39. Kf1 Nxc5
40. R1xb2 Rxd6 41. Rxd6 Bxd6 42. Bd5 Kg7 43. Rb6 Be7 44. Ke2 f5 45. Ke3 g5 46.
Bf3 Bf6 47. Bh5 Be5 48. Rg6+ Kh7 49. Rc6 f4+ 50. Kf3 Nd7 51. Bg6+ Kg7 52. Ke4
f3 53. Bf5 f2 54. Rc1 Bf4 55. Rf1 Nf6+ 56. Kf3 Nd5 57. Rxf2 Kf6 58. Bg4 Kg6 59.
Ra2 Nf6 60. Ra5 h5 61. Bf5+ Kh6 62. Bb1 Bd2 63. Rf5 g4+ 64. hxg4 Nxg4 65. Rd5
Bc3 66. Rb5 Bd4 67. Kf4 Nf6 68. Kf5 Ne8 69. Rd5 Bb2 70. Rd1 Ng7+ 71. Kf4 Ne6+
72. Ke4 Kg5 73. Rg1+ Kf6 74. Rf1+ Kg5 75. Bc2 Ng7 76. Rg1+ Kf6 77. Rb1 Bc3 78.
Rb3 Bd2 79. Rb6+ Ke7 80. Bb3 Bc3 81. Rc6 Bb2 82. Rc2 Ba1 83. Ba4 Kf6 84. Rf2+
Kg5 85. Bb3 Bc3 86. Rc2 Ba1 87. Rc6 Ne8 88. Rc5+ Kg6 89. Kf4 Ng7 90. Rc6+ Bf6
91. Ra6 Ne8 92. Bc2+ Kf7 93. Bf5 Ng7 94. Ra7+ Be7 95. Bc2 Ke6 96. Ke4 Ne8 97.
Bb3+ Kf6 98. Ra6+ Kg5 99. Ra5+ Kg6 0-1

[Event "Lloyds Bank Masters 15th"]
[Site "London"]
[Date "1991.08.20"]
[Round "4"]
[White "Volzhin, Alexander"]
[Black "Sadler, Matthew D"]
[Result "0-1"]
[WhiteElo "2335"]
[BlackElo "2480"]
[PlyCount "58"]
[EventDate "1991.08.17"]
[EventType "swiss"]
[EventRounds "10"]
[EventCountry "ENG"]
[SourceTitle "BritBase"]
[Source "John Saunders"]
[SourceDate "2023.06.27"]
[SourceVersion "1"]
[SourceVersionDate "2023.06.27"]
[SourceQuality "1"]

1. Nf3 d5 2. d4 e6 3. c4 dxc4 4. e3 Nf6 5. Bxc4 a6 6. O-O c5 7. Bd3 cxd4 8.
exd4 Be7 9. Nc3 b5 10. Bg5 Bb7 11. Rc1 O-O 12. Re1 Nc6 13. a4 bxa4 14. Nxa4 Nb4
15. Be2 Nfd5 16. Bxe7 Nxe7 17. Nc5 Bd5 18. Ne5 Nf5 19. Qd2 a5 20. Qf4 Ra7 21.
Red1 f6 22. Ned3 Nc6 23. Nxe6 Bxe6 24. Rxc6 Nxd4 25. Rxe6 Nxe6 26. Qc4 Qd6 27.
Nf4 Qxf4 28. Qxe6+ Kh8 29. Bc4 a4 0-1

[Event "Lloyds Bank Masters 15th"]
[Site "London"]
[Date "1991.08.20"]
[Round "4"]
[White "Chandler, Murray G"]
[Black "Hodgson, Julian M"]
[Result "1-0"]
[WhiteElo "2605"]
[BlackElo "2570"]
[PlyCount "104"]
[EventDate "1991.08.17"]
[EventType "swiss"]
[EventRounds "10"]
[EventCountry "ENG"]
[SourceTitle "BritBase"]
[Source "John Saunders"]
[SourceDate "2023.06.27"]
[SourceVersion "1"]
[SourceVersionDate "2023.06.27"]
[SourceQuality "1"]

1. e4 e6 2. d4 d5 3. Nc3 a6 4. exd5 exd5 5. Qf3 Nc6 6. Be3 Nf6 7. h3 Bb4 8. Bd3
O-O 9. Nge2 Ne4 10. Bxe4 dxe4 11. Qxe4 Re8 12. Qd3 Qf6 13. O-O-O Bf5 14. Nd5
Qe6 15. Qb3 Bd6 16. Ndf4 Qxb3 17. axb3 Nb4 18. c3 Bxf4 19. Nxf4 Nc2 20. Kd2 Be4
21. Rhg1 a5 22. Nd3 Nxe3 23. fxe3 b6 24. Nf2 Bg6 25. Rge1 Rad8 26. c4 Rd6 27.
Rc1 h5 28. Re2 h4 29. Rf1 Bh5 30. Ree1 Rg6 31. Rg1 Rg3 32. Nh1 Rg5 33. Ref1 c5
34. g4 Bg6 35. Nf2 b5 36. Nd3 Rd8 37. d5 a4 38. Nxc5 axb3 39. Kc3 bxc4 40. e4
Rc8 41. Kd4 f6 42. Rc1 Re5 43. Rge1 Rd8 44. Kxc4 Bxe4 45. Rxe4 Rexd5 46. Nxb3
f5 47. gxf5 Rxf5 48. Rce1 Rc8+ 49. Kb4 Rb8+ 50. Kc3 Rc8+ 51. Kd2 Rd5+ 52. Nd4
Rf8 1-0

[Event "Lloyds Bank Masters 15th"]
[Site "London"]
[Date "1991.08.21"]
[Round "5"]
[White "Anagnostopoulos, Dimitrios"]
[Black "Ivanov, Alexander"]
[Result "1/2-1/2"]
[WhiteElo "2395"]
[BlackElo "2565"]
[PlyCount "158"]
[EventDate "1991.08.17"]
[EventType "swiss"]
[EventRounds "10"]
[EventCountry "ENG"]
[SourceTitle "BritBase"]
[Source "John Saunders"]
[SourceDate "2023.06.27"]
[SourceVersion "1"]
[SourceVersionDate "2023.06.27"]
[SourceQuality "1"]

1. c4 g6 2. d4 Bg7 3. e4 d6 4. Nc3 c5 5. d5 e6 6. Bd3 Nf6 7. Nge2 O-O 8. O-O
Re8 9. Ng3 b6 10. Kh1 exd5 11. cxd5 a6 12. f3 b5 13. a4 b4 14. Nb1 Nbd7 15. Nd2
Ne5 16. Nc4 Nxc4 17. Bxc4 Nd7 18. a5 Ne5 19. Be2 h5 20. Rf2 Bd7 21. Nf1 f5 22.
exf5 gxf5 23. h3 Ng6 24. Bd3 c4 25. Bb1 Qh4 26. g3 Qd4 27. Rd2 Qe5 28. Kg2 Qe1
29. f4 Qxd1 30. Rxd1 Re2+ 31. Kf3 Rae8 32. Ne3 Bxb2 33. Ra2 R2xe3+ 34. Bxe3 Bg7
35. Bd4 b3 36. Re2 Rxe2 37. Kxe2 c3 38. Bxg7 Kxg7 39. Rc1 c2 40. Bxc2 bxc2 41.
Rxc2 Ne7 42. Rc7 Bb5+ 43. Ke3 Kf8 44. Kd4 Ke8 45. Rb7 Bf1 46. Rb1 Bb5 47. Rg1
Bd7 48. Rb1 Kd8 49. Rb6 Kc7 50. Rb1 Nc8 51. Re1 Kd8 52. Rb1 Na7 53. Rb7 Nb5+
54. Kc4 Nc7 55. Kd4 Be8 56. Rb1 Nb5+ 57. Ke3 Bf7 58. g4 fxg4 59. hxg4 hxg4 60.
Rg1 Nc3 61. Rxg4 Nxd5+ 62. Kd4 Ne7 63. Rg1 Nc6+ 64. Ke4 Nxa5 65. Kf5 Nc6 66.
Kf6 Bb3 67. Rb1 Bc4 68. Rc1 d5 69. Ke6 Ke8 70. f5 Nd4+ 71. Ke5 Nf3+ 72. Kf6 Bd3
73. Rc3 Be4 74. Kg7 Nh4 75. f6 Nf5+ 76. Kg6 Nd6+ 77. Kg7 Nf5+ 78. Kg8 Nh6+ 79.
Kg7 Nf5+ 1/2-1/2